Applied Calculus: For Business, Economics, and the Social and Life Sciences. (Record no. 1023)

MARC details
005 - DATE AND TIME OF LATEST TRANSACTION
control field 20250320060151.0
020 ## - INTERNATIONAL STANDARD BOOK NUMBER
International Standard Book Number 0-07-301856-2
082 ## - DEWEY DECIMAL CLASSIFICATION NUMBER
Classification number 515 HOF
100 ## - MAIN ENTRY--PERSONAL NAME
Author name HOFFMANN, L.D.
245 ## - TITLE STATEMENT
Title Applied Calculus: For Business, Economics, and the Social and Life Sciences.
250 ## - EDITION STATEMENT
Edition statement 8th Ed.
260 ## - PUBLICATION, DISTRIBUTION, ETC.
Place of publication, distribution, etc. New York,
Name of publisher, distributor, etc. Mcgraw- Hill ,Inc,
Date of publication, distribution, etc. 2000.
300 ## - PHYSICAL DESCRIPTION
Extent xxxii,976p.: Ill.; figures.
Other physical details Index.
Dimensions 23cm.
700 ## - ADDED ENTRY--PERSONAL NAME
Other authors/Editors GERALD, L. BRADLEY. & KENNETH, H. ROSEN.
856 ## - ELECTRONIC LOCATION AND ACCESS
Link text Access Online Book.
Electronic name Applied Calculus.
Path www.mhhe.com
942 ## - ADDED ENTRY ELEMENTS (KOHA)
Source of classification or shelving scheme Dewey Decimal Classification
Koha item type Books
Holdings
Date last seen Total checkouts Full call number Barcode Cost, replacement price Price effective from Koha item type Lost status Source of classification or shelving scheme Damaged status Not for loan Withdrawn status Home library Current library Shelving location Date acquired Cost, normal purchase price
03/20/2025   515 HOF 0000003938 185250.00 03/20/2025 Books   Dewey Decimal Classification       College of Business Education Main Library College of Business Education Main Library General Collection 03/20/2025 61750.00
03/20/2025   515 HOF 0000003939 185250.00 03/20/2025 Books   Dewey Decimal Classification       College of Business Education Main Library College of Business Education Main Library General Collection 03/20/2025 61750.00
03/20/2025   515 HOF 0000003940 185250.00 03/20/2025 Books   Dewey Decimal Classification       College of Business Education Main Library College of Business Education Main Library General Collection 03/20/2025 61750.00
03/20/2025   515 HOF 0000003941 185250.00 03/20/2025 Books   Dewey Decimal Classification       College of Business Education Main Library College of Business Education Main Library General Collection 03/20/2025 61750.00
03/20/2025   515 HOF 0000003942 185250.00 03/20/2025 Books   Dewey Decimal Classification       College of Business Education Main Library College of Business Education Main Library General Collection 03/20/2025 61750.00